000 00752cam a22002657a 4500
003 CHAP
005 20220920164539.0
008 971013s r 00010 d
010 _a30116
011 _a31088
035 _a35200
040 _cCHAP
090 _aR-2069
100 0 0 _aLipetz, Ben-Ami.
_967028
245 1 2 _aA successful application of punched cards in subject indexing
500 _aSobretiro de: American Documentation 11(3):241-246, 1960.
590 _aBATCH-UPD
_b10
_c20130110
590 _aBATCH-UPD
_b10
_c20130410
590 _aBATCH-UPD
_b10
_c20130914
590 _aCONVERSION
_b10
_c20130109
650 1 4 _aIndización.
_957676
901 _aBK
942 _cREIMP
_2local
949 _aR-2069
_bBC
_cB
_d-81320
_eB
_i35200
_si
999 _c30116
_d30116